| 000 | 00611cam a22002171 4500 | ||
|---|---|---|---|
| 001 | sa 65008913 | ||
| 003 | DLC | ||
| 005 | 20260227112158.0 | ||
| 008 | 900117s1964 io 000 0 ind | ||
| 010 | _asa 65008913 | ||
| 025 | _aPL480:Indo-2040 | ||
| 035 | _a(OCoLC)20909037 | ||
| 040 |
_aDLC _cOCoLC _dDLC |
||
| 042 | _apremarc | ||
| 050 | 0 | 0 | _aLAW <Indonesia 7 Usma 1964> |
| 100 | 2 |
_aUsman el Muhammady, T. M., _d1903- |
|
| 245 | 1 | 0 |
_aSepintas rahasia hikmat sjari'at Islam, _coleh T.M. Usman el Muhammady. |
| 260 |
_aDjakarta, _bA. Salim, _c1964. |
||
| 300 |
_a51 p. _c17 cm. |
||
| 650 | 0 | _aIslamic law. | |
| 999 |
_c65944 _d65944 |
||